A Adolescência (Registo nº 1212)
[ vista simples ]
| 000 -Etiqueta do registo | |
|---|---|
| Valores | 00545nam a22001571i 4500 |
| 090 ## - | |
| -- | 1212 |
| 100 ## - Dados gerais de processamento | |
| Dados gerais | 20170304u u u0frey50 ba |
| 101 0# - Língua de publicação | |
| -- | por |
| 200 1# - Titulo e menção de responsabilidade | |
| Primeira menção de responsabilidade | D. Origlia |
| Título próprio | A Adolescência |
| Informação de outro título | O Crescimento - A Formação da Personalidade - A Vocação Profissional - A Sexualidade |
| 215 ## - Descrição física | |
| Paginação / Volumes | 275p |
| Dimensões | '22 cm' |
| 210 ## - Publicação | |
| Nome do editor | Livraria Clássica |
| Local de publicação | Lisboa |
| Data de publicação | 1974 |
| 700 #1 - Autor principal (pessoa individual) | |
| Apelido | Origlia |
| Nome | D. |
| -- | 070 |
| 701 #1 - Co-autor principal (pessoa individual) | |
| Apelido | Ouillon |
| Nome | H. |
| -- | 070 |
| 996 ## - ISO2709 | |
| -- | 0001308 |
| -- | ORI |
| -- | 00000000 |
| -- | 00000000 |
| -- | BMVA |
| -- | 1 |
| -- | Viana do Alentejo |
| -- | Psicologia |
| -- | 25 |
| -- | Livro |
| -- | 0 |
| -- | 1 |
| 990 ## - Elementos KOHA | |
| Tipo de documento | Livro |
| Situação do levantamento | Estado | Biblioteca de origem | Biblioteca de empréstimo | Código de barras | Cota | Permissão de empréstimo | Tipo de documento | Nota relativa ao exemplar |
|---|---|---|---|---|---|---|---|---|
| Completo | Biblioteca Municipal de Viana Do Alentejo | Biblioteca Municipal de Viana Do Alentejo | 0001311 | 159.9 ORI | Disponível | Livro | Em depósito caixa 37 VNT |